[Event "xxx"]
[Site ""]
[Date "1998.07.27"]
[Round "3"]
[White "RUCK, Robert"]
[Black "KARLUSCH, Albrecht"]
[Result "1-0"]
[WhiteElo "2485"]
[BlackElo "2185"]
[PlyCount "67"]
[EventDate "1998.07.25"]

1. d4 g6 2. c4 Bg7 3. Nf3 d6 4. g3 Nd7 5. Bg2 e5 6. Nc3 Ngf6 7. O-O O-O 8. h3
c6 9. e4 Re8 10. Re1 a5 11. b3 Qc7 12. Be3 b6 13. Qd2 Bb7 14. Rad1 Rad8 15. Qc2
Nb8 16. Re2 c5 17. dxe5 dxe5 18. Nd5 Nxd5 19. exd5 Rd6 20. Rde1 Na6 21. Bc1 f6
22. a3 Bc8 23. Bb2 Rd7 24. Nd2 f5 25. Nf3 Rde7 26. Qd2 Qd6 27. Qe3 e4 28. Bxg7
Kxg7 29. Nd2 { } 29... Qe5 30. Kh2 Qd4 31. f3 exf3 32. Qxd4+ cxd4 33. Rxe7+
Rxe7 34. Rxe7+ 1-0

[Event "xxx"]
[Site ""]
[Date "1998.07.27"]
[Round "3"]
[White "KOUTSIN, Sergej"]
[Black "OLLE, Peter"]
[Result "1-0"]
[WhiteElo "2415"]
[BlackElo "2160"]
[PlyCount "78"]
[EventDate "1998.07.25"]

1. d4 Nf6 2. Nf3 g6 3. c4 Bg7 4. Nc3 d5 5. cxd5 Nxd5 6. e4 Nxc3 7. bxc3 O-O 8.
Be2 c5 9. O-O cxd4 10. cxd4 Nc6 11. Be3 Bg4 12. d5 Bxf3 13. Bxf3 Bxa1 14. Qxa1
Na5 15. Bh6 f6 16. Bxf8 Kxf8 17. Bg4 b5 18. e5 Kg7 19. Re1 Kf7 20. Be6+ Kg7 21.
Bg4 Kf7 22. Kh1 h5 23. Be6+ 23... Kg7 { } 24. f4 Kh7 25. Qd1 Qe8 26. d6 exd6
27. exf6 Qf8 28. f7 Rd8 29. f5 Qh6 30. Qd4 Nc6 31. Qf6 g5 32. Qc3 Ne5 33. Qc7
Qf8 34. Qxa7 Ra8 35. Qe3 Qe7 36. Qe4 Qa7 37. f6+ Kh6 38. Rf1 Qa4 39. Qb7 Qa7
1-0

[Event "xxx"]
[Site ""]
[Date "1998.07.27"]
[Round "3"]
[White "SANDHU, Mario"]
[Black "NAIDITSCH, Arkadij"]
[Result "1/2-1/2"]
[WhiteElo "2190"]
[BlackElo "2390"]
[PlyCount "171"]
[EventDate "1998.07.25"]

1. b3 c5 2. e3 Nc6 3. Bb2 Nf6 4. Nf3 g6 5. c4 Bg7 6. Be2 O-O 7. O-O Re8 8. d3
e5 9. Nbd2 d5 10. cxd5 Nxd5 11. Ne4 b6 12. Rc1 Bb7 13. Qc2 Rc8 14. Rfd1 f5 15.
Ned2 Qe7 16. a3 Red8 17. Nc4 b5 18. Ncd2 e4 19. dxe4 fxe4 20. Ne1 20... Nd4 { }
21. exd4 e3 22. Bxb5 exf2+ 23. Kxf2 Ne3 24. Qd3 cxd4 25. Nef3 Nxd1+ 26. Rxd1
Qe3+ 27. Kf1 Rf8 28. Re1 Qf4 29. Bc4+ Kh8 30. Kg1 Rcd8 31. Bc1 Rde8 32. Nf1 Qf6
33. Bg5 Qd6 34. Rxe8 Rxe8 35. Nh4 Be4 36. Qd2 d3 37. Ng3 Qd4+ 38. Be3 Qe5 39.
Kf2 Rf8+ 40. Nf3 Bxf3 41. gxf3 Qf6 42. Bd5 Rd8 43. Be4 Qe6 44. Qb4 Qc8 45. Bd2
Qc2 46. Nf1 Bf6 47. Qc4 Qb1 48. a4 Bg7 49. a5 Bf6 50. a6 Bg7 51. b4 Bf6 52. b5
Bg7 53. h3 Bf6 54. Kg2 Bg7 55. Bxg6 Bf6 56. Bf5 Rg8+ 57. Kf2 Qb2 58. Qxd3 Bh4+
59. Ke2 Rg2+ 60. Kd1 Qa1+ 61. Qb1 Qa4+ 62. Bc2 Qd4 63. Qb4 Qa1+ 64. Bb1 Bf6 65.
Kc2 Rg8 66. Ne3 Qe5 67. Bc3 Rc8 68. Nc4 68... Qe2+ { } 69. Kb3 Qxf3 70. Kb2
Qf2+ 71. Bc2 Bd4 72. Bxd4+ Qxd4+ 73. Kb3 Rb8 74. b6 axb6 75. Qd6 Qxd6 76. Nxd6
Ra8 77. Bd3 Kg7 78. Kb4 Kf6 79. Kb5 Ke5 80. Nc4+ Kd4 81. Bxh7 Rxa6 82. Kxa6
Kxc4 83. h4 Kd5 84. h5 Ke6 85. h6 Kf6 86. Kxb6 1/2-1/2

[Event "xxx"]
[Site ""]
[Date "1998.07.27"]
[Round "3"]
[White "HERBST, Daniel"]
[Black "LAKOS, Nikoletta"]
[Result "0-1"]
[WhiteElo "2135"]
[BlackElo "2385"]
[PlyCount "80"]
[EventDate "1998.07.25"]

1. e4 d5 2. exd5 Nf6 3. d4 Nxd5 4. c4 Nb6 5. Nf3 g6 6. c5 Nd5 7. Bc4 Bg7 8. Qb3
c6 9. Nc3 O-O 10. O-O Nxc3 11. bxc3 b5 12. cxb6 axb6 13. Ng5 e6 14. Ne4 b5 15.
Be2 Qd5 16. Qc2 e5 17. Bf3 Qd8 18. Bg5 f6 19. Qb3+ Kh8 20. Be3 f5 21. Ng5 e4
22. Bxe4 fxe4 23. Nf7+ Rxf7 24. Qxf7 Qg8 25. Qc7 Qe8 26. Bf4 Na6 27. Qb6 Bf6
28. Be5 Bxe5 29. dxe5 Rb8 30. Qd4 Bf5 31. Qd6 Qe6 32. Rfd1 Re8 33. a4 bxa4 34.
Rxa4 Qxd6 35. Rxd6 Nc5 36. Rc4 36... Nd3 { } 37. Rdd4 Nxe5 38. Ra4 Re7 39. h3
Kg7 40. g4 Nf3+ 0-1

[Event "xxx"]
[Site ""]
[Date "1998.07.27"]
[Round "3"]
[White "KRUMPACNIK, Domen"]
[Black "GENSER, Harald"]
[Result "1-0"]
[WhiteElo "2380"]
[BlackElo "2155"]
[PlyCount "123"]
[EventDate "1998.07.25"]

1. d4 Nf6 2. Nf3 e6 3. Bg5 d5 4. e3 Be7 5. c4 O-O 6. Nc3 h6 7. Bh4 b6 8. cxd5
Nxd5 9. Bxe7 Qxe7 10. Rc1 Bb7 11. Be2 Rc8 12. O-O Nd7 13. Nxd5 exd5 14. Qa4 c6
15. Bd3 a5 16. Rfe1 Qb4 17. Qc2 Qd6 18. Bf5 Rc7 19. a3 Nf6 20. Nd2 Bc8 21. h3
Bxf5 22. Qxf5 c5 23. dxc5 bxc5 24. e4 Nxe4 25. Nxe4 dxe4 26. Qxe4 Rd8 27. Qa4
Qb6 28. Rc2 Rcd7 29. Rce2 Qc7 30. g3 { } 30... Rf8 31. Re8 Rd8 32. R8e7 Qb6 33.
Qc2 Rb8 34. R1e5 Rbc8 35. b3 Qd6 36. Kh2 a4 37. bxa4 c4 38. Qc3 Qc6 39. a5 Rb8
40. Re4 Qc5 41. Kg2 Rbc8 42. Rg4 Qc6+ 43. Kh2 g6 44. Ree4 h5 45. Rxc4 Qe6 46.
Rge4 Qf5 47. Qd2 Ra8 48. Ra4 Rfd8 49. Red4 Rxd4 50. Qxd4 Rxa5 51. Rxa5 Qxa5 52.
a4 Kf8 53. Qe4 Kg7 54. h4 Qc5 55. Kg2 Kf6 56. Qa8 g5 57. Qa6+ Ke7 58. Qb5 Qc2
59. Qxg5+ f6 60. Qg7+ Ke6 61. Qg8+ Ke7 62. Qa8 1-0

[Event "xxx"]
[Site ""]
[Date "1998.07.27"]
[Round "3"]
[White "NIELSEN, Max"]
[Black "LENDWAI, Reinhard"]
[Result "0-1"]
[WhiteElo "2275"]
[BlackElo "2375"]
[PlyCount "78"]
[EventDate "1998.07.25"]

1. e4 c6 2. d4 g6 3. Nc3 d5 4. e5 Bg7 5. f4 h5 6. Nf3 Nh6 7. Be3 Bf5 8. Bd3 Nd7
9. h3 Nf8 10. Ne2 Qd7 11. c4 Bxd3 12. Qxd3 dxc4 13. Qxc4 Ne6 14. O-O O-O 15.
Rfd1 Rfd8 16. Nh4 Nc7 17. Nc3 Nd5 18. Nxd5 Qxd5 19. Qc2 Qe6 20. Bf2 Rd5 21. Kh2
Rad8 22. Rf1 Nf5 23. Nxf5 Qxf5 24. Qxf5 gxf5 25. Kg3 Kh7 26. Rac1 e6 27. Kf3
Bf8 28. g4 Be7 29. gxf5 exf5 30. Rg1 Ra5 31. a3 Rb5 32. Rc2 Rb3+ 33. Kg2 33...
Bf8 { } 34. Rd1 Bh6 35. Bg1 Bxf4 36. Rf2 Rg8+ 37. Kf1 Be3 38. Rg2 Rxg2 39. Kxg2
Rxb2+ 0-1

[Event "xxx"]
[Site ""]
[Date "1998.07.27"]
[Round "3"]
[White "BRANDNER, Stefan"]
[Black "KAMARYT, Thomas"]
[Result "1/2-1/2"]
[WhiteElo "2340"]
[BlackElo "2135"]
[PlyCount "103"]
[EventDate "1998.07.25"]

1. e4 e5 2. Nf3 Nc6 3. Bc4 Bc5 4. d3 Nf6 5. Nc3 d6 6. Be3 h6 7. h3 Nd4 8. Bxd4
Bxd4 9. Nxd4 exd4 10. Ne2 c5 11. c3 dxc3 12. Nxc3 O-O 13. O-O Be6 14. Qb3 Qd7
15. Kh2 a6 16. a4 Rad8 17. f4 d5 18. exd5 Nxd5 19. f5 Qd6+ 20. Kh1 Nxc3 21.
fxe6 Ne2 22. exf7+ Kh8 23. Rf2 Ng3+ 24. Kg1 Qd4 25. Qc2 b5 26. Be6 Rd6 27. Re1
Rxe6 28. Rxe6 Rxf7 29. b4 Nh1 30. Kxh1 Rxf2 31. Qc1 Kh7 32. bxc5 Qd5 33. Re4
Qxd3 34. Re1 34... Rc2 { } 35. Qf4 Rxc5 36. Re6 Rf5 37. Qc7 Qd1+ 38. Kh2 Qxa4
39. Qg3 Qf4 40. Rxa6 Qxg3+ 41. Kxg3 Rf6 42. Ra3 b4 43. Rb3 Rb6 44. Kf4 Rb5 45.
Ke4 Kg6 46. Kd4 Kf5 47. Kc4 Rb7 48. Kc5 Rb8 49. Kc6 g5 50. Kc7 Re8 51. Rxb4 Re4
52. g4+ 1/2-1/2

[Event "xxx"]
[Site ""]
[Date "1998.07.27"]
[Round "3"]
[White "KUMMER, Helmut"]
[Black "HALSER, Walter"]
[Result "1-0"]
[WhiteElo "2315"]
[BlackElo "2090"]
[PlyCount "53"]
[EventDate "1998.07.25"]

1. d4 Nf6 2. c4 e6 3. Nf3 b6 4. g3 Bb7 5. Bg2 Be7 6. O-O O-O 7. Nc3 Ne4 8. Qc2
Nxc3 9. Qxc3 f5 10. b4 c5 11. bxc5 bxc5 12. Qb3 Be4 13. Ba3 Na6 14. Qb5 Nb4 15.
Bxb4 cxb4 16. Ne5 Bxg2 17. Kxg2 { } 17... Bf6 18. Nxd7 Rf7 19. Nxf6+ Rxf6 20.
Rfd1 Rb8 21. Qe5 a5 22. d5 exd5 23. Rxd5 Qb6 24. Rad1 a4 25. c5 Qa7 26. c6 Rc8
27. Rd8+ 1-0

[Event "xxx"]
[Site ""]
[Date "1998.07.27"]
[Round "3"]
[White "KARALL, Lorenz"]
[Black "SCHWAB, Rene"]
[Result "1-0"]
[WhiteElo "2105"]
[BlackElo "2285"]
[PlyCount "83"]
[EventDate "1998.07.25"]

1. Nf3 c6 2. c4 b5 3. Na3 bxc4 4. Nxc4 Ba6 5. Qc2 Qc7 6. d4 g6 7. g3 Bg7 8. Bg2
Nh6 9. O-O Nf5 10. Rd1 d5 11. Bf4 Qd8 12. Ne3 Nxe3 13. Bxe3 Qb6 14. Ne5 Bxe5
15. dxe5 Qb5 16. Rd2 e6 17. Rc1 Qc4 18. Qd1 Qxa2 19. b3 Qa5 20. Bc5 Nd7 21. Bd6
Rc8 22. e4 f6 23. b4 Qb6 24. exf6 Kf7 25. e5 Qb7 26. h4 Nb6 27. Bc5 Nc4 28. Re2
Bb5 29. Ra2 a5 30. f4 Ra8 31. bxa5 Rxa5 32. Rxa5 Nxa5 33. Ra1 Ra8 34. h5 Nc4
35. Rxa8 Qxa8 36. hxg6+ hxg6 37. Bh3 Qc8 38. Qg4 Nd2 39. Bb4 Ne4 40. Qh4 40...
Qg8 { } 41. Bxe6+ Kxe6 42. Qh3+ 1-0

[Event "xxx"]
[Site ""]
[Date "1998.07.27"]
[Round "3"]
[White "AMANN, Guenter"]
[Black "EBNER, Hubert"]
[Result "1/2-1/2"]
[WhiteElo "2260"]
[BlackElo "2275"]
[PlyCount "71"]
[EventDate "1998.07.25"]

1. d4 Nf6 2. Nf3 g6 3. c4 Bg7 4. g3 O-O 5. Bg2 d6 6. Nc3 Nbd7 7. O-O e5 8. e4
c6 9. h3 exd4 10. Nxd4 Re8 11. Be3 Nc5 12. Qc2 a5 13. Rad1 Nfd7 14. Nb3 Qe7 15.
Nxc5 Nxc5 16. Bd4 Be6 17. Bxg7 Kxg7 18. Rd4 Na6 19. b3 Red8 20. Rfd1 c5 21.
R4d2 Nc7 22. Na4 f6 23. f4 Rab8 24. Nb6 Ne8 25. Re2 Qc7 26. Nd5 Qf7 27. e5 dxe5
28. fxe5 f5 29. Qc3 b6 30. Red2 Nc7 31. Nxc7 Qxc7 32. Rd6 Qe7 33. R1d3 Rxd6 34.
exd6+ Qf6 35. Qd2 Rd8 36. Kh2 { } 1/2-1/2

[Event "xxx"]
[Site ""]
[Date "1998.07.27"]
[Round "3"]
[White "WADSACK, Wolfgang"]
[Black "HOLZER, Gerhard"]
[Result "1/2-1/2"]
[WhiteElo "2180"]
[BlackElo "2255"]
[PlyCount "36"]
[EventDate "1998.07.25"]

1. e4 g6 2. d4 Bg7 3. c3 d6 4. f4 c6 5. Nf3 Bg4 6. Nbd2 Nd7 7. Bc4 e6 8. h3
Bxf3 9. Qxf3 d5 10. Bd3 dxe4 11. Nxe4 Qe7 12. O-O Ngf6 13. Bd2 Nxe4 14. Bxe4
O-O 15. Rae1 Qd6 16. Be3 Nf6 17. Bc2 Nd5 18. Bc1 18... Rac8 {.} 1/2-1/2

[Event "xxx"]
[Site ""]
[Date "1998.07.27"]
[Round "3"]
[White "MARIC, Katarina"]
[Black "STANEC, Nikolaus"]
[Result "0-1"]
[WhiteElo "2005"]
[BlackElo "2495"]
[PlyCount "50"]
[EventDate "1998.07.25"]

1. e4 c5 2. Nc3 Nc6 3. g3 g6 4. Bg2 Bg7 5. d3 d6 6. f4 e6 7. Nf3 Nge7 8. O-O
O-O 9. Be3 b6 10. d4 Ba6 11. Rf2 Qc7 12. a4 Rad8 13. Nb5 Qb8 14. Rd2 Na5 15. b3
Bb7 16. Nc3 16... Rc8 { } 17. e5 Nf5 18. Bf2 cxd4 19. Nb5 Bxf3 20. Bxf3 dxe5
21. fxe5 Bxe5 22. Nxd4 Nxd4 23. Bxd4 Bxd4+ 24. Rxd4 Qe5 25. Qd2 Rxc2 0-1

[Event "xxx"]
[Site ""]
[Date "1998.07.28"]
[Round "4"]
[White "KOUTSIN, Sergej"]
[Black "EINGORN, Vereslav"]
[Result "1/2-1/2"]
[WhiteElo "2415"]
[BlackElo "2610"]
[PlyCount "24"]
[EventDate "1998.07.25"]

1. d4 e6 2. Nf3 c5 3. c4 cxd4 4. Nxd4 Nf6 5. Nc3 a6 6. e3 b6 7. Be2 Bb7 8. O-O
Be7 9. b3 O-O 10. Bb2 Nc6 11. Bf3 Qc7 12. Nxc6 12... Bxc6 {.} 1/2-1/2

[Event "xxx"]
[Site ""]
[Date "1998.07.28"]
[Round "4"]
[White "LENDWAI, Reinhard"]
[Black "LANKA, Zigurds"]
[Result "1/2-1/2"]
[WhiteElo "2375"]
[BlackElo "2515"]
[PlyCount "39"]
[EventDate "1998.07.25"]

1. e4 c5 2. Ne2 Nc6 3. Nbc3 d6 4. d4 cxd4 5. Nxd4 Nf6 6. Bc4 e6 7. Be3 Be7 8.
Bb3 O-O 9. f4 Nxd4 10. Qxd4 Ng4 11. Bd2 e5 12. Qd3 exf4 13. Bxf4 Be6 14. Rd1
Qa5 15. Qg3 Qh5 16. Qf3 Qh4+ 17. Bg3 Qg5 18. Bf4 Qh4+ 19. Bg3 Qg5 20. Bf4 {.}
1/2-1/2

[Event "xxx"]
[Site ""]
[Date "1998.07.28"]
[Round "4"]
[White "LERNER, Konstantin"]
[Black "WERNDL, Erich Mag."]
[Result "1-0"]
[WhiteElo "2580"]
[BlackElo "2105"]
[PlyCount "77"]
[EventDate "1998.07.25"]

1. Nf3 Nf6 2. c4 g6 3. d4 Bg7 4. g3 O-O 5. Bg2 c5 6. O-O cxd4 7. Nxd4 Nc6 8.
Nc3 a6 9. Nc2 d6 10. Bd2 Be6 11. Ne3 Rb8 12. a4 Ne5 13. b3 Qd7 14. Ra2 Bh3 15.
a5 h5 16. Ned5 Nxd5 17. Nxd5 Bxg2 18. Kxg2 h4 19. f3 e6 20. Nb6 Qe7 21. Bb4
Rfd8 22. Rd2 Bf8 23. Qc2 Nc6 24. Bc3 Qg5 25. Qb2 Qf5 26. g4 Qf4 27. Rd3 Ne5 28.
Rd4 Qg5 29. h3 Nc6 30. f4 Qh6 31. Rd3 Bg7 32. Bxg7 Qxg7 33. Qd2 Qf8 34. Rd1 Kh7
35. Qe1 Qh6 36. g5 { } 36... Qh5 37. Rxd6 Rxd6 38. Rxd6 Nxa5 39. Nd7 1-0

[Event "xxx"]
[Site ""]
[Date "1998.07.28"]
[Round "4"]
[White "NAIDITSCH, Arkadij"]
[Black "CVITAN, Ognjen"]
[Result "1/2-1/2"]
[WhiteElo "2390"]
[BlackElo "2525"]
[PlyCount "88"]
[EventDate "1998.07.25"]

1. e4 c6 2. d4 d5 3. exd5 cxd5 4. c4 Nf6 5. Nc3 e6 6. Nf3 Bb4 7. cxd5 Nxd5 8.
Qc2 Nc6 9. a3 Be7 10. Bd3 h6 11. O-O O-O 12. Qe2 Nf6 13. Rd1 b6 14. Ne4 Nd5 15.
Bb1 Bf6 16. Qd3 Nce7 17. Ne5 Nf5 18. g4 Nfe7 19. Ng3 g6 20. Bxh6 Bg7 21. Qd2
Bb7 22. Bxg7 Kxg7 23. Qg5 Rh8 24. Nh5+ Rxh5 25. gxh5 f6 26. h6+ Kg8 27. Qg3
fxe5 28. Bxg6 Qf8 29. Be4+ 29... Kf7 { } 30. h7 Nf4 31. Qf3 Bxe4 32. Qxe4 Ned5
33. dxe5 Qh6 34. Rac1 Qg6+ 35. Qxg6+ Kxg6 36. Rc6 Rh8 37. Rxd5 Nxd5 38. Rxe6+
Kf5 39. Rd6 Kxe5 40. Rd7 a6 41. Kg2 b5 42. Ra7 Nf6 43. Rxa6 Rxh7 44. Ra5 Nd5
1/2-1/2

[Event "xxx"]
[Site ""]
[Date "1998.07.28"]
[Round "4"]
[White "BALINOV, Ilia"]
[Black "KNEUTGEN, Alexander"]
[Result "1-0"]
[WhiteElo "2450"]
[BlackElo "2205"]
[PlyCount "87"]
[EventDate "1998.07.25"]

1. e4 e6 2. d4 d5 3. Nc3 Nc6 4. Nf3 Nf6 5. e5 Ne4 6. Bd3 Bb4 7. Bd2 Nxd2 8.
Qxd2 Na5 9. a3 Be7 10. b4 Nc4 11. Bxc4 dxc4 12. Qe2 a5 13. b5 c5 14. dxc5 Bxc5
15. Qxc4 Qe7 16. Ne4 b6 17. Nxc5 Qxc5 18. Qxc5 bxc5 19. Nd2 Bb7 20. Nc4 Ke7 21.
Nd6 Rab8 22. Nxb7 Rxb7 23. c4 Rd8 24. Rd1 Rbd7 25. Ke2 Rd4 26. Rxd4 Rxd4 27.
Rb1 { } 27... Kd7 28. Rd1 Rxd1 29. Kxd1 a4 30. Ke2 Kc7 31. Ke3 Kd7 32. Kf4 Kc7
33. Kg5 Kd7 34. f4 Kd8 35. Kh5 Kd7 36. h3 Kd8 37. g4 Kd7 38. f5 Ke7 39. f6+
gxf6 40. exf6+ Kd6 41. Kg5 Ke5 42. h4 Kd6 43. Kf4 Kd7 44. Ke5 1-0

[Event "xxx"]
[Site ""]
[Date "1998.07.28"]
[Round "4"]
[White "ZSINKA, Laszlo"]
[Black "SANDHU, Mario"]
[Result "1/2-1/2"]
[WhiteElo "2340"]
[BlackElo "2190"]
[PlyCount "66"]
[EventDate "1998.07.25"]

1. d4 Nf6 2. c4 e6 3. Nc3 Bb4 4. e3 Bxc3+ 5. bxc3 b6 6. Bd3 Bb7 7. f3 d6 8. Ne2
c5 9. O-O Nc6 10. e4 e5 11. d5 Na5 12. Ng3 g6 13. f4 Nd7 14. Qa4 O-O 15. f5 f6
16. Qd1 g5 17. h4 gxh4 18. Bh6 hxg3 19. Qh5 Kh8 20. Bxf8 Qxf8 21. Rf3 Qe8 22.
Qh4 Qf7 23. Rxg3 Rg8 24. Rxg8+ Qxg8 25. Qh5 Ba6 26. Qe2 Qg5 27. Rf1 Nf8 28. Kh2
h6 29. Rf3 Nh7 30. Rg3 Qh4+ 31. Rh3 Qf4+ 32. Rg3 Qh4+ 33. Rh3 33... Qf4+ { }
1/2-1/2

[Event "xxx"]
[Site ""]
[Date "1998.07.28"]
[Round "4"]
[White "ZOEBISCH, Herbert"]
[Black "BRANDNER, Stefan"]
[Result "1-0"]
[WhiteElo "2235"]
[BlackElo "2340"]
[PlyCount "79"]
[EventDate "1998.07.25"]

1. d4 g6 2. c4 Bg7 3. Nc3 d6 4. e4 Nc6 5. Be3 e5 6. d5 Nce7 7. g4 f5 8. gxf5
gxf5 9. Qh5+ Ng6 10. exf5 Qh4 11. Qxh4 Nxh4 12. Nb5 Kd8 13. Bg5+ Bf6 14. Bxh4
Bxh4 15. Nf3 Bf6 16. Bh3 e4 17. Nd2 Bxb2 18. Rb1 Be5 19. Nxe4 Nh6 20. f4 Bxf4
21. Nd4 Nxf5 22. Bxf5 Bxf5 23. Nxf5 Re8 24. O-O Rxe4 25. Ng7 Ke7 26. Kh1 b6 27.
Ne6 Be5 28. Rf2 Rg8 29. Rbf1 Kd7 30. Rf7+ Kc8 31. Rxc7+ Kb8 32. Rxh7 Rxc4 33.
h4 Rc2 34. Rf8+ Rxf8 35. Nxf8 Rxa2 36. Nd7+ Kc8 37. Nxe5 dxe5 38. h5 Ra5 39. h6
{ } 39... Rxd5 40. Rxa7 1-0

[Event "xxx"]
[Site ""]
[Date "1998.07.28"]
[Round "4"]
[White "KRANZ, Armin"]
[Black "KOVACS, Gabor"]
[Result "0-1"]
[WhiteElo "2185"]
[BlackElo "2340"]
[PlyCount "79"]
[EventDate "1998.07.25"]

1. d4 Nf6 2. Nf3 e6 3. c4 b6 4. g3 Ba6 5. b3 Bb4+ 6. Bd2 Be7 7. Bg2 c6 8. O-O
d5 9. Qc2 Nbd7 10. Bc1 Rc8 11. Nbd2 c5 12. e3 O-O 13. Bb2 cxd4 14. exd4 Qc7 15.
Rac1 Rfd8 16. Qb1 Qb8 17. Rfe1 Bf8 18. Ne5 Bb7 19. Ndf3 h6 20. Re2 dxc4 21.
bxc4 Qa8 22. Ne1 Nxe5 23. Rxe5 Rc7 24. Re2 Rdc8 25. Qd3 Ne8 26. Rec2 Nd6 27.
Bxb7 Qxb7 28. Ng2 Qe4 29. Qxe4 Nxe4 30. Ne3 Be7 31. f3 Bg5 32. f4 Bf6 33. Ng4
h5 34. Nxf6+ gxf6 35. Kg2 f5 36. c5 Rc6 37. Ba3 Rd8 38. cxb6 Rxc2+ 39. Rxc2
axb6 40. Bb2 { } 0-1

[Event "xxx"]
[Site ""]
[Date "1998.07.28"]
[Round "4"]
[White "KAMARYT, Thomas"]
[Black "KUMMER, Helmut"]
[Result "0-1"]
[WhiteElo "2135"]
[BlackElo "2315"]
[PlyCount "72"]
[EventDate "1998.07.25"]

1. d4 Nf6 2. Nf3 e6 3. Bg5 h6 4. Bh4 c5 5. c3 cxd4 6. Nxd4 Be7 7. Nd2 d5 8. e3
O-O 9. Be2 e5 10. N4f3 Nc6 11. O-O Be6 12. Re1 Rc8 13. Bf1 a6 14. Bg3 Nd7 15.
e4 d4 16. cxd4 exd4 17. Nb3 Bb4 18. Re2 Bc4 19. Rc2 Bxb3 20. axb3 20... Nc5 { }
21. Rxc5 Bxc5 22. Nh4 Re8 23. Bc4 b5 24. Bd5 Bd6 25. Qh5 Rc7 26. Bxd6 Qxd6 27.
Nf5 Qf6 28. Rc1 Rec8 29. f4 Ne7 30. Qxf7+ Qxf7 31. Nxe7+ Kf8 32. Rxc7 Rxc7 33.
Bxf7 Kxe7 34. Bd5 Rc2 35. Kf1 d3 36. Bb7 Rc1+ 0-1

[Event "xxx"]
[Site ""]
[Date "1998.07.28"]
[Round "4"]
[White "PINGITZER, Harald"]
[Black "KARALL, Lorenz"]
[Result "1-0"]
[WhiteElo "2300"]
[BlackElo "2105"]
[PlyCount "123"]
[EventDate "1998.07.25"]

1. Nf3 Nf6 2. d4 g6 3. g3 Bg7 4. Bg2 d6 5. O-O O-O 6. b3 c6 7. c4 Qa5 8. Qd2
Qc7 9. Nc3 Nbd7 10. Rd1 a6 11. Bb2 h6 12. Rac1 Rd8 13. e3 Nf8 14. Qe2 Rb8 15.
h3 Bd7 16. Kh2 Qa5 17. c5 dxc5 18. dxc5 Be6 19. Nd4 Bd7 20. Na4 Qc7 21. Nb6 Be8
22. Bc3 e5 23. Nf3 N6h7 24. Rxd8 Rxd8 25. Nc4 Qe7 26. Ncxe5 Qxc5 27. Qb2 f6 28.
Bd4 Qe7 29. Nc4 Nd7 30. b4 Nhf8 31. Na5 Nb8 32. Bc5 Qd7 33. Rc2 Ne6 34. Bb6 Rc8
35. Rd2 Qe7 36. Nc4 Nd7 37. Bd4 Nxd4 38. Qxd4 Nf8 39. Nd6 Rc7 40. Qf4 Ne6 41.
Qc4 Kh7 42. Nxe8 Qxe8 43. Rd6 Re7 44. h4 f5 45. Qd3 Qf7 46. Bh3 Kh8 47. h5 gxh5
48. Bxf5 Nf8 49. Kg2 Qxa2 50. Nh4 { } 50... Rf7 51. e4 Qb2 52. Qc4 Kg8 53. Rd8
Be5 54. Bh7+ Kg7 55. Nf5+ Rxf5 56. Bxf5 Bc7 57. Re8 Bb6 58. Re7+ Kh8 59. Qf7
Qxf2+ 60. Kh3 Qf1+ 61. Kh4 Ng6+ 62. Qxg6 1-0

[Event "xxx"]
[Site ""]
[Date "1998.07.28"]
[Round "4"]
[White "WITTMANN, Walter Dr."]
[Black "HERBST, Daniel"]
[Result "1/2-1/2"]
[WhiteElo "2380"]
[BlackElo "2135"]
[PlyCount "72"]
[EventDate "1998.07.25"]

1. e4 c5 2. Nf3 d6 3. d4 cxd4 4. Nxd4 Nf6 5. Nc3 a6 6. a4 e5 7. Nf3 Qc7 8. Bg5
Nbd7 9. Nd2 h6 10. Be3 Nc5 11. Nd5 Nxd5 12. exd5 Bf5 13. a5 Be7 14. Be2 Bg5 15.
O-O Bxe3 16. fxe3 Bh7 17. b4 Ne4 18. Nxe4 Bxe4 19. c4 O-O 20. Qb3 Rac8 21. Rfc1
Qe7 22. Bd3 Bxd3 23. Qxd3 e4 24. Qd4 f5 25. c5 f4 26. exf4 Rxf4 27. cxd6 Rxc1+
28. Rxc1 Qxd6 29. Rf1 Rxf1+ 30. Kxf1 Qf4+ 31. Ke1 Kf7 32. d6 Qc1+ 33. Kf2 Qc2+
34. Ke3 Qd3+ 35. Qxd3 exd3 36. Kxd3 36... Ke6 {.} 1/2-1/2

[Event "xxx"]
[Site ""]
[Date "1998.07.28"]
[Round "4"]
[White "OLLE, Peter"]
[Black "MAHDY, Khaled"]
[Result "1/2-1/2"]
[WhiteElo "2160"]
[BlackElo "2365"]
[PlyCount "74"]
[EventDate "1998.07.25"]

1. e4 e5 2. Nf3 Nc6 3. c3 d5 4. Qa4 Bd7 5. exd5 Nd4 6. Qd1 Nxf3+ 7. Qxf3 Nf6 8.
h3 e4 9. Qe3 Be7 10. Bc4 O-O 11. d4 Bf5 12. O-O Nxd5 13. Bxd5 Qxd5 14. Qe2 Rfe8
15. Be3 Qd7 16. Bf4 Bd6 17. Qe3 Re6 18. Bxd6 cxd6 19. c4 Rg6 20. Kh2 Qc7 21.
Nd2 d5+ 22. Kh1 Be6 23. cxd5 Bxd5 24. Rac1 Qd7 25. Nc4 Ra6 26. Ne5 26... Qb5 { 
} 27. Qc3 f6 28. Qc8+ Qe8 29. Qc5 Qe6 30. Ng4 Rc6 31. Qa3 Bxa2 32. Rxc6 bxc6
33. Ra1 Bd5 34. Qc5 e3 35. Nxe3 Qxh3+ 36. Kg1 Qd7 37. Nxd5 Qxd5 1/2-1/2

[Event "xxx"]
[Site ""]
[Date "1998.07.28"]
[Round "4"]
[White "DANNER, Georg"]
[Black "POSCH, Siegfried"]
[Result "1-0"]
[WhiteElo "2340"]
[BlackElo "2130"]
[PlyCount "82"]
[EventDate "1998.07.25"]

1. d4 d5 2. Nf3 Nf6 3. e3 g6 4. c4 c6 5. Nc3 Bg7 6. Bd3 O-O 7. O-O Nbd7 8. cxd5
cxd5 9. b3 Re8 10. Bb2 Nf8 11. Ne5 N6d7 12. f4 Nxe5 13. dxe5 d4 14. Nb5 dxe3
15. Rc1 Bg4 16. Qxg4 Qxd3 17. Nc7 { } 17... e2 18. Rfe1 Qe3+ 19. Kh1 Ne6 20.
Nxe6 fxe6 21. Rxe2 Qb6 22. h4 Rf8 23. Ba3 Qa6 24. Bxe7 Rxf4 25. Qxf4 Qxe2 26.
Bf6 Rf8 27. Qd4 Qb5 28. Qd6 Re8 29. Kh2 Bf8 30. Qd4 Bh6 31. Rc4 Qd5 32. Qxd5
exd5 33. Rd4 Kf7 34. Rxd5 Ke6 35. Rc5 Kf5 36. g3 g5 37. Kh3 gxh4 38. Kxh4 Rg8
39. Rc7 Rg4+ 40. Kh3 Rb4 41. Rxh7 41... Bg5 { } 1-0

[Event "xxx"]
[Site ""]
[Date "1998.07.28"]
[Round "4"]
[White "HOLZER, Gerhard"]
[Black "ZIMMERMAN, Yuri"]
[Result "0-1"]
[WhiteElo "2255"]
[BlackElo "2340"]
[PlyCount "56"]
[EventDate "1998.07.25"]

1. e4 d6 2. d4 Nf6 3. Nc3 g6 4. Bc4 Bg7 5. Qe2 Nc6 6. e5 Nd7 7. Nf3 Nb6 8. Bb3
O-O 9. e6 fxe6 10. Bxe6+ Bxe6 11. Qxe6+ 11... Kh8 { } 12. Ng5 Nxd4 13. Qh3 h6
14. Be3 Nxc2+ 15. Ke2 Qd7 16. Qxd7 Nxd7 17. Ne6 Rfc8 18. Raf1 Nf8 19. Nxf8 Rxf8
20. Nd5 c6 21. Nf4 Kh7 22. b3 e5 23. Nd3 Nxe3 24. fxe3 Rxf1 25. Rxf1 Rf8 26.
Rc1 e4 27. Nf4 Be5 28. Ne6 Re8 0-1

[Event "xxx"]
[Site ""]
[Date "1998.07.28"]
[Round "4"]
[White "GAERTNER, Guntram"]
[Black "HUBER, Wolfgang Dr."]
[Result "1-0"]
[WhiteElo "2340"]
[BlackElo "2100"]
[PlyCount "97"]
[EventDate "1998.07.25"]

1. d4 Nf6 2. c4 e6 3. Nc3 Bb4 4. Bg5 c5 5. d5 exd5 6. cxd5 h6 7. Bh4 g5 8. Bg3
Ne4 9. Qc2 Nxg3 10. hxg3 Qf6 11. e3 d6 12. a3 Bxc3+ 13. Qxc3 Qxc3+ 14. bxc3 Bf5
15. f3 Nd7 16. Bb5 O-O-O 17. g4 Bg6 18. Bxd7+ Kxd7 19. Ne2 h5 20. gxh5 Rxh5 21.
Rxh5 Bxh5 22. Kd2 Ke7 23. a4 Bg6 24. a5 Rh8 25. e4 Kd7 26. g4 Kc7 27. c4 f6 28.
Ke3 Rh2 29. Rb1 Kc8 30. Rc1 Kc7 31. Ra1 Kc8 32. Nc3 Be8 33. e5 fxe5 34. Ne4 Kc7
35. Nxg5 { } 35... Rc2 36. Rh1 Rc3+ 37. Kf2 Rxc4 38. Rh7+ Kc8 39. Ne4 Rc2+ 40.
Ke3 Bd7 41. Nxd6+ Kc7 42. Nxb7 Kc8 43. Nd6+ Kc7 44. Nb5+ Kd8 45. Nxa7 c4 46.
Nc6+ Bxc6 47. dxc6 Ra2 48. g5 c3 49. g6 1-0

[Event "xxx"]
[Site ""]
[Date "1998.07.28"]
[Round "4"]
[White "TSCHOHL, Christof"]
[Black "SZIEBERT, Adam"]
[Result "0-1"]
[WhiteElo "2130"]
[BlackElo "2330"]
[PlyCount "134"]
[EventDate "1998.07.25"]

1. e4 c5 2. c3 Nf6 3. e5 Nd5 4. Nf3 Nc6 5. Bc4 Nb6 6. Bb3 c4 7. Bc2 Qc7 8. Qe2
g5 9. e6 dxe6 10. Nxg5 Qe5 11. d4 cxd3 12. Bxd3 Qxe2+ 13. Bxe2 Bg7 14. O-O O-O
15. Nd2 Nd5 16. Nde4 b6 17. Bd2 Bb7 18. c4 Ndb4 19. Bc3 Nc2 20. Bxg7 Kxg7 21.
Rac1 N6d4 22. Ng3 h6 23. Nf3 Bxf3 24. Bxf3 Nxf3+ 25. gxf3 Nb4 26. a3 Nd3 27.
Rc2 Rac8 28. Rd1 28... Ne5 { } 29. f4 Rxc4 30. Re2 Ng6 31. f5 Nf4 32. Ree1 Rc2
33. Rd7 Rxb2 34. Rxe7 Kf6 35. Rxa7 Nh3+ 36. Kg2 Nxf2 37. Kf3 Nd3 38. Ne4+ Kxf5
39. Nd6+ Kg6 40. Rg1+ Kf6 41. Ke3 Rb3 42. Kd4 Nf2 43. Kc4 Rf3 44. Rf1 Ke5 45.
Rd7 f5 46. Nf7+ Kf6 47. Nxh6 Kg6 48. Rd6 Kxh6 49. Rxe6+ Kg5 50. Rxb6 Rc8+ 51.
Kd5 Rd3+ 52. Ke6 Re8+ 53. Kf7 Re2 54. Rg6+ Kf4 55. Rf6 Rd1 56. Rxd1 Nxd1 57. h4
Rh2 58. Kg6 Ne3 59. h5 Rg2+ 60. Kf7 Ng4 61. Rb6 Rh2 62. Rb4+ Kg5 63. Rb5 Rxh5
64. Ke6 Rh6+ 65. Kd5 Ra6 66. Rb3 f4 67. Ke4 Re6+ 0-1